| 000 | 00481nam a2200169 a 4500 | ||
|---|---|---|---|
| 001 | 1352 | ||
| 003 | CDMR | ||
| 005 | 20130315111440.0 | ||
| 008 | 130130s1989||||||||||||||||||||||||||||d | ||
| 020 | _a8475962122 | ||
| 040 |
_aCDMR _bcat _cCPC GIRONA |
||
| 100 | 1 |
_aComadira, Narcís _91048 |
|
| 245 | 1 | 0 |
_aGirona, matèria i memòria _cNarcís Comadira ; fotografies de Carme Masià |
| 260 |
_bEmpúries _aBarcelona |
||
| 260 |
_c1989 _bAjuntament de Girona _a[Girona] |
||
| 942 |
_cMON _2udc |
||
| 999 |
_c1352 _d1352 |
||